Ferrari F1 Car Names By Year - Statistics

General Stats
  • This quiz has been taken 71 times
  • The average score is 26 of 74
Answer Stats
Year Answer % Correct
2023 SF-23
80%
2002 F2001 | F2002
71%
2003 F2002 | F2003-GA
71%
2004 F2004
71%
2021 SF21
69%
2001 F2001
65%
2020 SF1000
65%
2005 F2005
64%
2019 SF90
56%
2007 F2007
55%
2008 F2008
55%
2022 F1-75
53%
2010 F10
49%
2014 F14 T
45%
1966 246/66 | 312
42%
1967 312 | 312/67
42%
2018 SF71H
42%
1975 312B3-74 | 312T
40%
1978 312T2 | 312T3
40%
1976 312T | 312T2
40%
2017 SF70H
40%
1977 312T2
38%
1979 312T3 | 312T4
38%
2000 F1-2000
38%
2012 F2012
38%
1961 156
36%
1962 156
36%
2011 F150
36%
1990 641
33%
1991 642 | 643
33%
2013 F138
33%
2015 SF-15T
31%
2016 SF16-H
31%
1950 125 | 375
29%
1980 312T5
29%
1994 412T1 | 412T1B
29%
1995 412T2
29%
1989 640
29%
1998 F300
29%
1999 F399
29%
2009 F60
29%
1982 126C2
27%
1983 126C2B | 126C3
27%
2006 248F1
27%
1969 312/68 | 312/69 | 312B
27%
1970 312B
27%
1972 312B/2
27%
1973 312B/2 | 312B3-73
27%
1971 312B | 312B/2
27%
1984 126C4
25%
1981 126CK
25%
1985 156/85
25%
1986 156/85
25%
1951 375
25%
1987 F1-87
25%
1996 F310
25%
1997 F310B
25%
1964 158 | 1512
24%
1965 158 | 1512
24%
1958 246
24%
1959 246
24%
1960 246 | 246P
24%
1992 F92A | F92AT
24%
1993 F93A
24%
1968 312/67 | 312/68
22%
1974 312B3-74
22%
1952 500
22%
1953 500 | 553 Squalo
22%
1988 F1-87/88C
22%
1954 553 Squalo | 625
20%
1956 555 Supersqualo | D50
20%
1955 625 | 555 Supersqualo
20%
1957 D50 | 801
20%
1963 156/63
16%
No matching quizzes found
Score Distribution
Percent of People with Each Score
Percentile by Number Answered
Your Score History
You have not taken this quiz